000 00641nam a2200265Ia 4500
005 20260306153033.0
008 008 260114s9999 xx 000 0 eng d
020 _a9781009091763
037 _aEBOOK
040 _aCRL
040 _beng
040 _cCRL
041 _2eng
041 _aeng
084 _qCRL
100 _aBednarz-Łuczewska
_91124537
245 0 _aStrategizing in the Polish Furniture Industry
250 _a1st ed
260 _bCambridge University Press
260 _c2024
650 _aCommerce
856 _uhttps://doi.org/10.1017/9781009091763
942 _cEBOOK
999 _c1701947
_d1701947